| 000 | 01181nam0a2200301 4500 | ||
|---|---|---|---|
| 001 | RU\NLR\ONL2\12711 | ||
| 005 | 20260208044125.0 | ||
| 035 | _a(NLR Aleph) 009660297 | ||
| 090 |
_a13543343 _c13543343 |
||
| 100 | _a20090128d1954 u y0rusy50 ca | ||
| 101 | 0 | _aaze | |
| 102 | _aAZ | ||
| 105 | _ay ||||||||| | ||
| 200 | 1 |
_aДәнли биткиләрдән jүксәк мәhсул ҝөтүрән габагчыл колхозларын иш тәҹрүбәси _fХ. Б. Ахундов |
|
| 210 |
_aБакы _cАзэрнэшр _d1954 |
||
| 215 |
_a36 с. _d20 |
||
| 225 | 1 | _aГабагчыл колхозларын тэчрубэси | |
| 541 | 1 |
_6z01790 _aОпыт работы передовых колхозов, получивших высокие урожай зерновых культур _zrus |
|
| 686 | 1 | _aУ9(2)32 | |
| 700 | 1 |
_aАхундов _bХ. Б. _gХәлил Баhшәли оғлу _4070 |
|
| 790 | 1 |
_6z01541 _aАхундов _bХ. Б. _gХалил Бахшали оглы _4070 |
|
| 801 | 0 |
_aRU _bNLR _c20090209 _gPSBO |
|
| 852 |
_aNLR _bОНЛ _jАзерб./2-7163 |
||
| 942 | _cBOOK | ||
| 980 | _aONL_RF | ||
| 980 | _aNB | ||